[Event "DSJ Weihnachtsturnier U16: Steinitz 2020"]
[Site ""]
[Date "2020.12.28"]
[Round "7"]
[White "Yi, Danny"]
[Black "Ciolacu, Alessia-Mihaela"]
[Result "1-0"]
[Termination "normal"]
[Board "1.1"]
[WhiteTitle "FM"]
[BlackTitle "WFM"]
[WhiteElo "2253"]
[BlackElo "2052"]
[WhiteTeam "SF 59 Kornwestheim"]
[BlackTeam "Schachverein Hemer 1932"]
[PlyCount "49"]
[WhiteFideId "12988588"]
[BlackFideId "1252640"]
[EventRounds "7"]
[EventType "team-swiss"]
[EventDate "2020.12.28"]

1. e4 {[%emt 0:00:03]} e6 {[%emt 0:00:04]} 2. d4 {[%emt 0:00:02]} d5 {[%emt
0:00:05]} 3. Nd2 {[%emt 0:00:01]} Nf6 {[%emt 0:00:02]} 4. e5 {[%emt 0:00:01]}
Nfd7 {[%emt 0:00:01]} 5. Bd3 {[%emt 0:00:01]} c5 {[%emt 0:00:01]} 6. c3 { [%emt
0:00:04]} Nc6 {[%emt 0:00:01]} 7. Ne2 {[%emt 0:00:04]} cxd4 {[%emt 0:00:01]} 8.
cxd4 {[%emt 0:00:01]} f6 {[%emt 0:00:00]} 9. exf6 {[%emt 0:00:01]} Nxf6 {[%emt
0:00:01]} 10. O-O {[%emt 0:00:01]} Bd6 {[%emt 0:00:02]} 11. Nf3 { [%emt
0:00:01]} O-O {[%emt 0:00:02]} 12. h3 {[%emt 0:00:05]} Bd7 {[%emt 0:00:09]} 13.
Re1 {[%emt 0:00:07]} Qc7 {[%emt 0:00:09]} 14. Be3 {[%emt 0:00:08]} Rae8 {[%emt
0:00:10]} 15. Rc1 {[%emt 0:00:10]} Qb8 {[%emt 0:00:06]} 16. Nc3 { [%emt
0:00:29]} Kh8 {[%emt 0:00:24]} 17. Bb1 {[%emt 0:00:19]} e5 {[%emt 0:01:50]} 18.
dxe5 {[%emt 0:00:08]} Nxe5 {[%emt 0:00:08]} 19. Nxe5 {[%emt 0:00:52]} Bxe5
{[%emt 0:00:03]} 20. Nxd5 {[%emt 0:00:12]} Nxd5 {[%emt 0:00:05]} 21. Qxd5
{[%emt 0:00:02]} Bc6 {[%emt 0:00:06]} 22. Qd3 {[%emt 0:00:08]} Be4 {[%emt
0:00:09]} 23. Qa3 {[%emt 0:01:06]} Bh2+ {[%emt 0:00:29]} 24. Kh1 {[%emt
0:00:12]} Qe5 {[%emt 0:01:25]} 25. Bxe4 {[%emt 0:00:11]} 1-0

[Event "DSJ Weihnachtsturnier U16: Steinitz 2020"]
[Site ""]
[Date "2020.12.28"]
[Round "7"]
[White "Leonard, Timo"]
[Black "Afonso, Nils"]
[Result "1-0"]
[Termination "normal"]
[Board "1.2"]
[WhiteElo "1953"]
[BlackElo "1960"]
[WhiteTeam "Schachverein Hemer 1932"]
[BlackTeam "SF 59 Kornwestheim"]
[PlyCount "101"]
[WhiteFideId "16208757"]
[BlackFideId "12990582"]
[EventRounds "7"]
[EventType "team-swiss"]
[EventDate "2020.12.28"]

1. e4 {[%emt 0:00:08]} c5 {[%emt 0:00:03]} 2. c3 {[%emt 0:00:04]} Nf6 {[%emt
0:00:05]} 3. e5 {[%emt 0:00:05]} Nd5 {[%emt 0:00:01]} 4. d4 {[%emt 0:00:04]}
cxd4 {[%emt 0:00:03]} 5. cxd4 {[%emt 0:00:03]} Nc6 {[%emt 0:00:02]} 6. Nf3
{[%emt 0:00:04]} e6 {[%emt 0:00:07]} 7. Bc4 {[%emt 0:00:03]} Nb6 {[%emt
0:00:02]} 8. Bb3 {[%emt 0:00:03]} d6 {[%emt 0:00:05]} 9. O-O {[%emt 0:00:13]}
dxe5 {[%emt 0:00:12]} 10. dxe5 {[%emt 0:00:56]} Bd7 {[%emt 0:00:24]} 11. Nc3
{[%emt 0:00:08]} Qc7 {[%emt 0:00:08]} 12. Nb5 {[%emt 0:00:07]} Qb8 {[%emt
0:00:04]} 13. Bf4 { [%emt 0:00:18]} a6 {[%emt 0:00:02]} 14. Nd6+ {[%emt
0:00:06]} Bxd6 {[%emt 0:00:02]} 15. Qxd6 {[%emt 0:00:07]} Nc8 {[%emt 0:00:32]}
16. Qc5 {[%emt 0:00:21]} N8e7 {[%emt 0:00:09]} 17. Rfd1 {[%emt 0:00:15]} Qc7
{[%emt 0:00:03]} 18. Bg5 { [%emt 0:00:18]} Ng6 {[%emt 0:00:19]} 19. Rac1 {[%emt
0:01:00]} Rc8 {[%emt 0:00:11]} 20. Qd6 {[%emt 0:00:41]} h6 {[%emt 0:00:35]} 21.
Qxc7 {[%emt 0:00:54]} Rxc7 {[%emt 0:00:04]} 22. Be3 {[%emt 0:00:07]} Rc8 {[%emt
0:00:04]} 23. Bb6 { [%emt 0:00:11]} O-O {[%emt 0:00:07]} 24. Rxd7 {[%emt
0:00:30]} Ngxe5 {[%emt 0:00:09]} 25. Nxe5 {[%emt 0:00:13]} Nxe5 {[%emt
0:00:00]} 26. Rxc8 {[%emt 0:00:17]} Rxc8 {[%emt 0:00:03]} 27. Rd8+ {[%emt
0:00:06]} Rxd8 {[%emt 0:00:02]} 28. Bxd8 {[%emt 0:00:01]} Nc6 {[%emt 0:00:03]}
29. Bb6 {[%emt 0:00:19]} Kf8 { [%emt 0:00:04]} 30. f4 {[%emt 0:00:06]} Ke7
{[%emt 0:00:02]} 31. Kf2 {[%emt 0:00:05]} Kd6 {[%emt 0:00:01]} 32. Ke3 {[%emt
0:00:05]} Ne7 {[%emt 0:00:05]} 33. g4 {[%emt 0:00:09]} Kc6 {[%emt 0:00:03]} 34.
Bd8 {[%emt 0:00:14]} Ng6 {[%emt 0:00:06]} 35. f5 {[%emt 0:00:30]} exf5 {[%emt
0:00:09]} 36. gxf5 {[%emt 0:00:03]} Ne5 {[%emt 0:00:07]} 37. Ke4 {[%emt
0:00:03]} f6 {[%emt 0:00:09]} 38. Bd5+ { [%emt 0:00:21]} Kd7 {[%emt 0:00:04]}
39. Bb6 {[%emt 0:00:08]} Ng4 {[%emt 0:00:17]} 40. Bxb7 {[%emt 0:00:09]} Nxh2
{[%emt 0:00:04]} 41. Bxa6 {[%emt 0:00:03]} Kc6 {[%emt 0:00:02]} 42. Bd4 {[%emt
0:00:11]} Ng4 {[%emt 0:00:04]} 43. b4 { [%emt 0:00:07]} h5 {[%emt 0:00:11]} 44.
b5+ {[%emt 0:00:03]} Kc7 {[%emt 0:00:21]} 45. Ba7 {[%emt 0:00:14]} h4 {[%emt
0:00:06]} 46. b6+ {[%emt 0:00:02]} Kc6 {[%emt 0:00:02]} 47. b7 {[%emt 0:00:04]}
h3 {[%emt 0:00:01]} 48. b8=Q {[%emt 0:00:03]} h2 {[%emt 0:00:00]} 49. Qb7+
{[%emt 0:00:03]} Kd6 {[%emt 0:00:22]} 50. Kd4 {[%emt 0:00:15]} Nf2 {[%emt
0:00:41]} 51. Bc5# {[%emt 0:00:05]} 1-0

[Event "DSJ Weihnachtsturnier U16: Steinitz 2020"]
[Site ""]
[Date "2020.12.28"]
[Round "7"]
[White "Kluge, Malte"]
[Black "Poggemann, Alexander"]
[Result "1/2-1/2"]
[Termination "normal"]
[Board "1.3"]
[WhiteElo "1652"]
[BlackElo "1813"]
[WhiteTeam "SF 59 Kornwestheim"]
[BlackTeam "Schachverein Hemer 1932"]
[PlyCount "81"]
[WhiteFideId "16243838"]
[BlackFideId "16224167"]
[EventRounds "7"]
[EventType "team-swiss"]
[EventDate "2020.12.28"]

1. d4 {[%emt 0:00:02]} d5 {[%emt 0:00:05]} 2. c4 {[%emt 0:00:03]} e6 {[%emt
0:00:01]} 3. Nc3 {[%emt 0:00:03]} Nf6 {[%emt 0:00:05]} 4. cxd5 {[%emt 0:00:02]}
exd5 {[%emt 0:00:02]} 5. Bg5 {[%emt 0:00:04]} c6 {[%emt 0:00:06]} 6. e3 { [%emt
0:00:04]} Bd6 {[%emt 0:00:10]} 7. Bd3 {[%emt 0:00:07]} O-O {[%emt 0:00:04]} 8.
Qc2 {[%emt 0:00:05]} h6 {[%emt 0:00:04]} 9. Bh4 {[%emt 0:00:08]} Be6 { [%emt
0:00:06]} 10. Nf3 {[%emt 0:00:22]} Nbd7 {[%emt 0:00:11]} 11. O-O { [%emt
0:00:05]} c5 {[%emt 0:00:01]} 12. dxc5 {[%emt 0:00:59]} Nxc5 {[%emt 0:00:13]}
13. Nb5 {[%emt 0:00:31]} Nxd3 {[%emt 0:00:26]} 14. Qxd3 {[%emt 0:00:05]} Be7
{[%emt 0:00:08]} 15. Rac1 {[%emt 0:00:23]} a6 {[%emt 0:00:19]} 16. Nbd4 { [%emt
0:00:26]} Qd6 {[%emt 0:00:14]} 17. Bg3 {[%emt 0:00:30]} Qb6 {[%emt 0:00:10]}
18. Nxe6 {[%emt 0:00:22]} Qxe6 {[%emt 0:00:29]} 19. Nd4 {[%emt 0:00:13]} Qb6
{[%emt 0:00:07]} 20. Nf5 {[%emt 0:00:35]} Bc5 {[%emt 0:00:41]} 21. Rc2 { [%emt
0:00:56]} Rfe8 {[%emt 0:01:08]} 22. Rfc1 {[%emt 0:00:25]} Bf8 {[%emt 0:00:06]}
23. Bc7 {[%emt 0:00:44]} Qe6 {[%emt 0:00:12]} 24. Nd4 {[%emt 0:00:30]} Qg4
{[%emt 0:00:18]} 25. h3 {[%emt 0:00:14]} Qd7 {[%emt 0:00:24]} 26. Bf4 { [%emt
0:00:12]} Rac8 {[%emt 0:00:06]} 27. Rc7 {[%emt 0:00:19]} Rxc7 {[%emt 0:00:16]}
28. Rxc7 {[%emt 0:00:01]} Qa4 {[%emt 0:00:11]} 29. a3 {[%emt 0:00:42]} Ne4
{[%emt 0:00:47]} 30. Nf3 {[%emt 0:00:12]} Qa5 {[%emt 0:00:26]} 31. Rxb7 { [%emt
0:00:17]} Nc5 {[%emt 0:00:17]} 32. Qxd5 {[%emt 0:00:13]} Nxb7 {[%emt 0:00:07]}
33. Qxb7 {[%emt 0:00:02]} Rd8 {[%emt 0:00:21]} 34. Ne5 {[%emt 0:00:04]} Qd5
{[%emt 0:00:57]} 35. Qxa6 {[%emt 0:00:10]} Qd1+ {[%emt 0:00:02]} 36. Kh2 {
[%emt 0:00:02]} f6 {[%emt 0:00:25]} 37. Qe6+ {[%emt 0:00:08]} Kh7 {[%emt
0:00:11]} 38. Qf5+ {[%emt 0:00:03]} Kg8 {[%emt 0:00:05]} 39. Qe6+ {[%emt
0:00:08]} Kh7 {[%emt 0:00:02]} 40. Qf5+ {[%emt 0:00:17]} Kg8 {[%emt 0:00:03]}
41. Qe6+ { [%emt 0:00:20]} 1/2-1/2

[Event "DSJ Weihnachtsturnier U16: Steinitz 2020"]
[Site ""]
[Date "2020.12.28"]
[Round "7"]
[White "Becker, Linda"]
[Black "Afonso, Phil"]
[Result "0-1"]
[Termination "normal"]
[Board "1.4"]
[WhiteElo "1763"]
[BlackElo "1542"]
[WhiteTeam "Schachverein Hemer 1932"]
[BlackTeam "SF 59 Kornwestheim"]
[PlyCount "80"]
[WhiteFideId "16244753"]
[BlackFideId "16207475"]
[EventRounds "7"]
[EventType "team-swiss"]
[EventDate "2020.12.28"]

1. d4 {[%emt 0:00:06]} Nf6 {[%emt 0:00:02]} 2. c4 {[%emt 0:00:02]} g6 {[%emt
0:00:02]} 3. Nc3 {[%emt 0:00:08]} Bg7 {[%emt 0:00:03]} 4. Bf4 {[%emt 0:00:23]}
d6 {[%emt 0:00:04]} 5. e3 {[%emt 0:00:08]} O-O {[%emt 0:00:03]} 6. Nf3 {[%emt
0:00:03]} Nbd7 {[%emt 0:00:02]} 7. Bd3 {[%emt 0:00:07]} Re8 {[%emt 0:00:30]} 8.
O-O {[%emt 0:00:04]} e5 {[%emt 0:00:03]} 9. dxe5 {[%emt 0:00:15]} dxe5 { [%emt
0:00:03]} 10. Bg5 {[%emt 0:00:32]} h6 {[%emt 0:00:13]} 11. Bxf6 {[%emt
0:00:15]} Nxf6 {[%emt 0:00:00]} 12. e4 {[%emt 0:00:14]} Qe7 {[%emt 0:00:14]
Hemer4-004 offers a draw} 13. h3 {[%emt 0:00:30]} Rd8 {[%emt 0:00:26]} 14. Nd5
{[%emt 0:00:23]} Nxd5 {[%emt 0:00:08]} 15. cxd5 {[%emt 0:00:16]} c6 {[%emt
0:00:50]} 16. Bc4 {[%emt 0:00:54]} Qd6 {[%emt 0:00:49]} 17. Qd3 {[%emt
0:00:36]} Re8 {[%emt 0:00:29]} 18. dxc6 {[%emt 0:00:38]} Qxd3 {[%emt 0:00:09]}
19. Bxd3 { [%emt 0:00:06]} bxc6 {[%emt 0:00:01]} 20. Rac1 {[%emt 0:00:18]} Bb7
{[%emt 0:00:11]} 21. Bc2 {[%emt 0:00:35]} Rab8 {[%emt 0:00:14]} 22. Ba4 {[%emt
0:00:34]} Rec8 {[%emt 0:00:54]} 23. Rc2 {[%emt 0:00:15]} c5 {[%emt 0:00:30]}
24. Rfc1 { [%emt 0:00:19]} Bxe4 {[%emt 0:00:12]} 25. Rxc5 {[%emt 0:00:09]} Rxc5
{[%emt 0:00:05]} 26. Rxc5 {[%emt 0:00:16]} Bxf3 {[%emt 0:00:05]} 27. gxf3
{[%emt 0:00:03]} Rxb2 {[%emt 0:00:06]} 28. Bb3 {[%emt 0:00:05] Hemer4-004
offers a draw} Rb1+ {[%emt 0:00:54]} 29. Kg2 {[%emt 0:00:04]} Re1 {[%emt
0:00:23]} 30. Rc7 { [%emt 0:00:07]} e4 {[%emt 0:00:25]} 31. Bxf7+ {[%emt
0:00:04]} Kf8 {[%emt 0:00:07]} 32. fxe4 {[%emt 0:00:16]} Bd4 {[%emt 0:00:12]}
33. Bxg6 {[%emt 0:00:11]} Re2 {[%emt 0:00:05]} 34. Rf7+ {[%emt 0:00:09]} Kg8
{[%emt 0:00:15]} 35. Kg3 { [%emt 0:00:15]} Rxa2 {[%emt 0:00:05]} 36. Kg4 {[%emt
0:00:04]} Bxf2 {[%emt 0:00:09]} 37. Kh5 {[%emt 0:00:08]} Be3 {[%emt 0:00:04]}
38. e5 {[%emt 0:00:07]} Rg2 {[%emt 0:00:13]} 39. e6 {[%emt 0:00:10]} Rg5+
{[%emt 0:00:05]} 40. Kxh6 { [%emt 0:00:47]} Rf5# {[%emt 0:00:11]} 0-1

[Event "DSJ Weihnachtsturnier U16: Steinitz 2020"]
[Site ""]
[Date "2020.12.28"]
[Round "7"]
[White "Herter, Arne"]
[Black "Colbow, Collin"]
[Result "0-1"]
[Termination "normal"]
[Board "2.1"]
[BlackTitle "FM"]
[WhiteElo "1740"]
[BlackElo "2339"]
[WhiteTeam "Schachzwerge Magdeburg"]
[BlackTeam "SV Werder Bremen"]
[PlyCount "142"]
[WhiteFideId "16255372"]
[BlackFideId "16201132"]
[EventRounds "7"]
[EventType "team-swiss"]
[EventDate "2020.12.28"]

1. e4 {[%emt 0:00:04]} c5 {[%emt 0:00:04]} 2. Nc3 {[%emt 0:00:04]} Nc6 { [%emt
0:00:03]} 3. f4 {[%emt 0:00:02]} g6 {[%emt 0:00:07]} 4. Bc4 {[%emt 0:00:03]}
Bg7 {[%emt 0:00:23]} 5. d3 {[%emt 0:00:03]} e6 {[%emt 0:00:02]} 6. Nf3 { [%emt
0:00:03]} Nge7 {[%emt 0:00:06]} 7. O-O {[%emt 0:00:02]} d5 {[%emt 0:00:39]} 8.
Bb3 {[%emt 0:00:04]} O-O {[%emt 0:00:14]} 9. Qe1 {[%emt 0:00:04]} Nd4 { [%emt
0:02:49]} 10. Qh4 {[%emt 0:00:37]} Nxb3 {[%emt 0:00:57]} 11. axb3 { [%emt
0:00:07]} Nc6 {[%emt 0:00:02]} 12. f5 {[%emt 0:01:52]} Qxh4 {[%emt 0:00:50]}
13. Nxh4 {[%emt 0:00:05]} Bf6 {[%emt 0:00:09]} 14. exd5 {[%emt 0:00:50]} exd5
{[%emt 0:00:12]} 15. Nf3 {[%emt 0:02:17]} Bxc3 {[%emt 0:00:06]} 16. bxc3 {
[%emt 0:00:03]} Bxf5 {[%emt 0:00:01]} 17. Nh4 {[%emt 0:01:05]} Bd7 {[%emt
0:01:14]} 18. Bh6 {[%emt 0:00:32]} Rfe8 {[%emt 0:00:03]} 19. Rf2 {[%emt
0:00:22]} Ne5 {[%emt 0:00:18]} 20. h3 {[%emt 0:00:41]} f5 {[%emt 0:00:07]} 21.
Raf1 { [%emt 0:00:06]} Nf7 {[%emt 0:00:02]} 22. Bd2 {[%emt 0:00:04]} Re7 {[%emt
0:00:07]} 23. Nf3 {[%emt 0:00:06]} Rae8 {[%emt 0:00:05]} 24. d4 {[%emt
0:00:06]} c4 {[%emt 0:00:36]} 25. bxc4 {[%emt 0:00:03]} dxc4 {[%emt 0:00:00]}
26. Bf4 { [%emt 0:00:03]} Re2 {[%emt 0:00:03]} 27. Be5 {[%emt 0:00:05]} Rxf2
{[%emt 0:00:04]} 28. Kxf2 {[%emt 0:00:04]} Bc6 {[%emt 0:00:01]} 29. Re1 {[%emt
0:00:05]} Bxf3 {[%emt 0:00:07]} 30. Kxf3 {[%emt 0:00:00]} Nxe5+ {[%emt
0:00:01]} 31. dxe5 {[%emt 0:00:01]} Kf7 {[%emt 0:00:08]} 32. Kf4 {[%emt
0:00:02]} Rd8 {[%emt 0:00:08]} 33. Re2 {[%emt 0:00:05]} Ke6 {[%emt 0:00:02]}
34. g3 {[%emt 0:00:06]} Rd1 {[%emt 0:00:06]} 35. Rf2 {[%emt 0:00:01]} Re1
{[%emt 0:00:04]} 36. Rd2 { [%emt 0:00:05]} Re4+ {[%emt 0:00:08]} 37. Kf3 {[%emt
0:00:02]} Rxe5 {[%emt 0:00:00]} 38. Rd8 {[%emt 0:00:02]} Ra5 {[%emt 0:00:13]}
39. Rh8 {[%emt 0:00:03]} Ra3 {[%emt 0:00:03]} 40. Rxh7 {[%emt 0:00:02]} Rxc3+
{[%emt 0:00:01]} 41. Kf4 { [%emt 0:00:01]} b5 {[%emt 0:00:30]} 42. Rxa7 {[%emt
0:00:03]} Rxc2 {[%emt 0:00:02]} 43. Ra6+ {[%emt 0:00:02]} Kd5 {[%emt 0:00:18]}
44. Rxg6 {[%emt 0:00:06]} b4 {[%emt 0:00:01]} 45. h4 {[%emt 0:00:08]} b3 {[%emt
0:00:06]} 46. h5 { [%emt 0:00:01]} b2 {[%emt 0:00:02]} 47. Rb6 {[%emt 0:00:02]}
Rf2+ {[%emt 0:00:03]} 48. Ke3 {[%emt 0:00:02]} Rh2 {[%emt 0:00:01]} 49. h6
{[%emt 0:00:33]} c3 { [%emt 0:00:01]} 50. Kd3 {[%emt 0:00:02]} Rh1 {[%emt
0:00:05]} 51. h7 {[%emt 0:00:25]} Rxh7 {[%emt 0:00:04]} 52. Kxc3 {[%emt
0:00:01]} Rh2 {[%emt 0:00:04]} 53. Rb4 {[%emt 0:00:07]} Ke5 {[%emt 0:00:01]}
54. Rb5+ {[%emt 0:00:03]} Ke4 { [%emt 0:00:01]} 55. Rb4+ {[%emt 0:00:00]} Ke3
{[%emt 0:00:02]} 56. Rxb2 { [%emt 0:00:02]} Rxb2 {[%emt 0:00:01]} 57. Kxb2
{[%emt 0:00:00]} Kf3 {[%emt 0:00:00]} 58. Kc2 {[%emt 0:00:00]} Kxg3 {[%emt
0:00:01]} 59. Kd2 {[%emt 0:00:00]} f4 {[%emt 0:00:01]} 60. Kd3 {[%emt 0:00:03]}
Kg2 {[%emt 0:00:02]} 61. Ke4 { [%emt 0:00:02]} f3 {[%emt 0:00:00]} 62. Ke3
{[%emt 0:00:01]} f2 {[%emt 0:00:00] } 63. Kd2 {[%emt 0:00:01]} f1=Q {[%emt
0:00:00]} 64. Kc3 {[%emt 0:00:01]} Qf4 { [%emt 0:00:01]} 65. Kd3 {[%emt
0:00:01]} Kf3 {[%emt 0:00:01]} 66. Kc2 {[%emt 0:00:01]} Qe3 {[%emt 0:00:01]}
67. Kd1 {[%emt 0:00:01]} Qf2 {[%emt 0:00:01]} 68. Kc1 {[%emt 0:00:01]} Ke3
{[%emt 0:00:00]} 69. Kb1 {[%emt 0:00:00]} Kd3 { [%emt 0:00:00]} 70. Kc1 {[%emt
0:00:02]} Kc3 {[%emt 0:00:00]} 71. Kd1 {[%emt 0:00:02]} Qd2# {[%emt 0:00:00]}
0-1

[Event "DSJ Weihnachtsturnier U16: Steinitz 2020"]
[Site ""]
[Date "2020.12.28"]
[Round "7"]
[White "Helms, Finn"]
[Black "Udelnov, Valentin"]
[Result "1/2-1/2"]
[Termination "normal"]
[Board "2.2"]
[WhiteElo "1934"]
[BlackElo "1748"]
[WhiteTeam "SV Werder Bremen"]
[BlackTeam "Schachzwerge Magdeburg"]
[PlyCount "73"]
[WhiteFideId "16249143"]
[BlackFideId "16265734"]
[EventRounds "7"]
[EventType "team-swiss"]
[EventDate "2020.12.28"]

1. e4 {[%emt 0:00:12]} e5 {[%emt 0:00:06]} 2. Nf3 {[%emt 0:00:02]} Nc6 { [%emt
0:00:05]} 3. Bc4 {[%emt 0:00:05]} Bc5 {[%emt 0:00:12]} 4. d3 {[%emt 0:00:02]}
Nf6 {[%emt 0:00:03]} 5. c3 {[%emt 0:00:02]} d6 {[%emt 0:00:07]} 6. a4 { [%emt
0:00:04]} a6 {[%emt 0:00:02]} 7. O-O {[%emt 0:00:02]} Ba7 {[%emt 0:00:02] } 8.
b4 {[%emt 0:00:07]} Bg4 {[%emt 0:00:07]} 9. h3 {[%emt 0:00:03]} Be6 { [%emt
0:00:02]} 10. Nbd2 {[%emt 0:00:09]} h6 {[%emt 0:00:09]} 11. b5 {[%emt 0:00:20]}
Na5 {[%emt 0:00:09]} 12. Bxe6 {[%emt 0:00:10]} fxe6 {[%emt 0:00:03]} 13. c4
{[%emt 0:00:02]} g5 {[%emt 0:00:09]} 14. Re1 {[%emt 0:01:19]} g4 { [%emt
0:00:05]} 15. hxg4 {[%emt 0:00:04]} Nxg4 {[%emt 0:00:03]} 16. Re2 { [%emt
0:00:03]} h5 {[%emt 0:00:15]} 17. Nf1 {[%emt 0:00:05]} Rg8 {[%emt 0:00:16]} 18.
Be3 {[%emt 0:00:19]} Nxe3 {[%emt 0:00:28]} 19. Nxe3 {[%emt 0:00:06]} h4 {[%emt
0:00:05]} 20. Rb1 {[%emt 0:00:17]} Qf6 {[%emt 0:00:06]} 21. Qd2 { [%emt
0:00:37]} h3 {[%emt 0:00:22]} 22. Ne1 {[%emt 0:00:30]} Bb6 {[%emt 0:00:30]} 23.
bxa6 {[%emt 0:00:30]} bxa6 {[%emt 0:00:05]} 24. Rb2 {[%emt 0:01:10]} Nc6 {[%emt
0:01:27]} 25. g3 {[%emt 0:01:11]} Nd4 {[%emt 0:00:22]} 26. c5 { [%emt 0:00:34]}
Nxe2+ {[%emt 0:00:29]} 27. Qxe2 {[%emt 0:00:00]} Bxc5 {[%emt 0:00:04]} 28. Rb7
{[%emt 0:00:05]} Kd7 {[%emt 0:00:11]} 29. Qd2 {[%emt 0:00:21]} a5 {[%emt
0:00:33]} 30. Rb5 {[%emt 0:00:11]} Bb6 {[%emt 0:00:09]} 31. Rxb6 { [%emt
0:00:08]} cxb6 {[%emt 0:00:07]} 32. Nc4 {[%emt 0:00:01]} Rab8 {[%emt 0:00:25]}
33. Qe3 {[%emt 0:00:06]} Kc6 {[%emt 0:00:24]} 34. Qc1 {[%emt 0:00:05]} Kd7
{[%emt 0:00:02]} 35. Qe3 {[%emt 0:00:02]} Kc6 {[%emt 0:00:05]} 36. Qc1 { [%emt
0:00:02]} Kd7 {[%emt 0:00:01]} 37. Qe3 {[%emt 0:00:01]} 1/2-1/2

[Event "DSJ Weihnachtsturnier U16: Steinitz 2020"]
[Site ""]
[Date "2020.12.28"]
[Round "7"]
[White "Pohle, Saskia"]
[Black "Bildat, Emilia"]
[Result "1-0"]
[Termination "normal"]
[Board "2.3"]
[WhiteElo "1815"]
[BlackElo "1852"]
[WhiteTeam "Schachzwerge Magdeburg"]
[BlackTeam "SV Werder Bremen"]
[PlyCount "23"]
[WhiteFideId "16201604"]
[BlackFideId "16218140"]
[EventRounds "7"]
[EventType "team-swiss"]
[EventDate "2020.12.28"]

1. e4 {[%emt 0:00:02]} c5 {[%emt 0:00:01]} 2. Nf3 {[%emt 0:00:01]} g6 {[%emt
0:00:02]} 3. d4 {[%emt 0:00:02]} cxd4 {[%emt 0:00:01]} 4. Nxd4 {[%emt 0:00:01]}
Bg7 {[%emt 0:00:01]} 5. Nc3 {[%emt 0:00:06]} Nc6 {[%emt 0:00:02]} 6. Be3 {
[%emt 0:00:01]} Nf6 {[%emt 0:00:03]} 7. Bc4 {[%emt 0:00:02]} Qa5 {[%emt
0:00:14]} 8. f3 {[%emt 0:00:12]} O-O {[%emt 0:00:16]} 9. Qd2 {[%emt 0:00:02]}
Qb4 { [%emt 0:00:23]} 10. Bb3 {[%emt 0:00:13]} Nxe4 {[%emt 0:00:54]} 11. Nxc6 {
[%emt 0:00:27]} Nxc3 {[%emt 0:01:33]} 12. Nxb4 {[%emt 0:00:44]} 1-0

[Event "DSJ Weihnachtsturnier U16: Steinitz 2020"]
[Site ""]
[Date "2020.12.28"]
[Round "7"]
[White "Pfeffer, Samuel"]
[Black "Nönnig, Jakob"]
[Result "0-1"]
[Termination "normal"]
[Board "2.4"]
[WhiteElo "1487"]
[BlackElo "1442"]
[WhiteTeam "SV Werder Bremen"]
[BlackTeam "Schachzwerge Magdeburg"]
[PlyCount "39"]
[WhiteFideId "16249160"]
[BlackFideId "16289447"]
[EventRounds "7"]
[EventType "team-swiss"]
[EventDate "2020.12.28"]

1. d4 {[%emt 0:00:38]} d5 {[%emt 0:00:02] Werder2-004 kibitzing!?} 2. c4 {[%emt
0:00:05]} e6 {[%emt 0:00:02] Werder2-004 kibitzing!?} 3. Nc3 {[%emt 0:00:06]}
Be7 {[%emt 0:00:03] Werder2-004 kibitzing!?} 4. Nf3 {[%emt 0:00:06]} Nf6 {[%emt
0:00:03]} 5. Bg5 {[%emt 0:00:03] Werder2-004 received Ill MvData=7. g8-f6
(290cs)} O-O {[%emt 0:00:06]} 6. Bxf6 {[%emt 0:00:02] Werder2-004 received Ill
MvData=9. e8-g8 (615cs)} Bxf6 { [%emt 0:00:07]} 7. cxd5 {[%emt 0:00:02]} exd5
{[%emt 0:00:00] Werder2-004 received Ill MvData=11. e7-f6 (681cs)} 8. e3 {[%emt
0:00:02] Werder2-004 received Ill MvData=13. e6-d5 (2cs)} Bg4 {[%emt 0:00:05]
Werder2-004 kibitzing!?} 9. Bd3 {[%emt 0:00:03]} Nc6 {[%emt 0:00:19]
Werder2-004 reconnected. Werder2-004 kibitzing!?} 10. h3 {[%emt 0:00:08]} Bh5
{[%emt 0:00:03] Werder2-004 kibitzing!?} 11. O-O {[%emt 0:00:33]} Ne7 {[%emt
0:00:05] Werder2-004 kibitzing!?} 12. Be2 {[%emt 0:00:05]} c6 {[%emt 0:00:28]
Werder2-004 kibitzing!?} 13. Nd2 {[%emt 0:00:05]} Bg6 {[%emt 0:00:05]
Werder2-004 kibitzing!?} 14. Nb3 {[%emt 0:00:07]} Nc8 {[%emt 0:00:16]
Werder2-004 kibitzing!?} 15. a4 {[%emt 0:00:05]} Be7 {[%emt 0:00:05]
Werder2-004 kibitzing!?} 16. Bh5 {[%emt 0:00:12]} Bd6 {[%emt 0:00:11]
Werder2-004 kibitzing!?} 17. a5 {[%emt 0:00:07]} Bc7 {[%emt 0:00:19]
Werder2-004 kibitzing!?} 18. Qd2 {[%emt 0:00:09]} Bxh5 {[%emt 0:00:03]
Werder2-004 kibitzing!?} 19. Na4 {[%emt 0:00:14]} Qd6 {[%emt 0:00:07]
Werder2-004 kibitzing!?} 20. Nac5 {[%emt 0:00:10]} 0-1

[Event "DSJ Weihnachtsturnier U16: Steinitz 2020"]
[Site ""]
[Date "2020.12.28"]
[Round "7"]
[White "Tovmasyan, Minas"]
[Black "Mehlhorn, David"]
[Result "0-1"]
[Termination "time forfeit"]
[Board "3.1"]
[WhiteElo "1771"]
[BlackElo "1557"]
[WhiteTeam "TuS Makkabi Rostock"]
[BlackTeam "SGem Aschheim/Feldkirchen/Kirchheim"]
[PlyCount "50"]
[WhiteFideId "16247620"]
[BlackFideId "34607757"]
[EventRounds "7"]
[EventType "team-swiss"]
[EventDate "2020.12.28"]

1. d4 {[%emt 0:00:05]} c5 {[%emt 0:00:02]} 2. d5 {[%emt 0:00:02]} Nf6 {[%emt
0:00:01]} 3. c4 {[%emt 0:00:01]} e6 {[%emt 0:00:01]} 4. Nc3 {[%emt 0:00:01]}
exd5 {[%emt 0:00:01]} 5. cxd5 {[%emt 0:00:00]} d6 {[%emt 0:00:01]} 6. Nf3
{[%emt 0:00:01]} g6 {[%emt 0:00:01]} 7. Nd2 {[%emt 0:00:01]} Bg7 {[%emt
0:00:01]} 8. e4 {[%emt 0:00:00]} Bg4 {[%emt 0:00:07]} 9. f3 {[%emt 0:00:23]}
Bd7 {[%emt 0:00:14]} 10. Be2 {[%emt 0:00:09]} Nh5 {[%emt 0:00:21]} 11. g3
{[%emt 0:01:24]} Bh3 {[%emt 0:00:44]} 12. Nc4 {[%emt 0:00:23]} a6 {[%emt
0:00:34]} 13. a4 {[%emt 0:00:10]} O-O {[%emt 0:00:06]} 14. Be3 {[%emt 0:00:31]}
Nd7 {[%emt 0:00:09]} 15. Nxd6 {[%emt 0:00:40]} Bxc3+ {[%emt 0:01:54]} 16. bxc3
{[%emt 0:00:05]} Qf6 { [%emt 0:00:01]} 17. Nc4 {[%emt 0:02:22]} Qxc3+ {[%emt
0:00:10]} 18. Kf2 { [%emt 0:00:04]} f5 {[%emt 0:00:34]} 19. f4 {[%emt 0:01:33]}
Nhf6 {[%emt 0:00:36]} 20. e5 {[%emt 0:01:28]} Ne4+ {[%emt 0:00:08]} 21. Kg1
{[%emt 0:00:27]} b5 {[%emt 0:00:05]} 22. Ra3 {[%emt 0:00:18]} Qb4 {[%emt
0:00:20]} 23. Rb3 { [%emt 0:00:25]} Nc3 {[%emt 0:00:44]} 24. Qc2 {[%emt
0:00:10]} Nxe2+ {[%emt 0:00:03]} 25. Kf2 {[%emt 0:00:01]} Qxc4 {[%emt 0:00:07]
TimeW} 0-1